000 01203nam a2200337 a 4500
001 000021621
003 DO-SdBNP
005 20221115111144.0
008 100909s1978 dr ac 010 0bspa d
020 _a844992152X
040 _aDO-SdBNP
_bspa
_cBPMSU
082 _a923.2097291
_bM378R 1978
_222
100 1 _aRodríguez Demorizi, Emilio,
_d1908-1986
245 1 0 _aMartí en Santo Domingo /
_cEmilio Rodríguez Demorizi.
250 _a2a ed
260 _aBarcelona :
_bGráficas M. Pareja,
_c1978.
300 _a623 p. :
_bil., retrs. ;
_c24 cm.
490 0 _aFundación Rodríguez Demorizi
_v7
500 _aIncluye "Cronología Dominicana de Martí"
500 _aIncluye referencias bibliográficas y notas al pie de páginas
500 _aIncluye índice de personas y lugares.
533 _aFacsímil :
_bLa Habana :
_cUcar García,
_c1953.
590 _6Inventariado, 2022/VM
600 1 4 _aMartí José
_d1853-1895
651 4 _aCuba
_xHistoria
_y1810-1899
651 4 _aCuba
_xHistoria
_yGuerra de independencia 1895-1899
651 4 _aRepublica Dominicana
_xHistoria
_y1844-1930
830 0 _aFundación Rodríguez Demorizi
_vvii
910 _aVMateo V./Validado.
942 _2ddc
_cBK
999 _c14328
_d14328